000 00769nam a2200217 a 4500
001 BRCA_1150
005 20190320203313.0
008 931122s1991 be-a---##b---#000-0#fre-#
040 _aDLC
_cDLC
050 4 _aN7126.5
_b.T75 1991
245 1 0 _aTriomphe du Baroque.
260 _aBruselas
_bFondation Europalia International
_c[1991]
300 _a519 p.
_bil. a color
_c30 cm.
500 _aCatálogo de la exposición realizada en el Palais des Beaux-Arts (Bruxelles), 19 septiembre - 29 diciembre, 1991
504 _aBibliografía: p. 512-[520]
650 1 4 _aArte portugués
_vExposiciones
_93793
650 1 4 _aArte barroco
_vExposiciones
_zPortugal
_93794
650 1 4 _aArte
_xColonias
_zPortugal
_93795
711 2 _aEuropalia
_d1991
_cPortugal
_93796
942 _2lcc
_cB
999 _c1027
_d1027